00642nam a2200181Ia 4500008004100000020002200041041000800063082001600071100001600087245002400103250001100127260004200138300001000180500001800190650001200208999002100220952021900241260520s2018 xx 000 0 und d a978-93-87472-13-6 aeng a596.146/PAN aPandey, B N aBiology of Chordate a1st ed aDELHIbPhi Learning PRIVATE LTDc2018 a610p. aCat No: 15018 aZOOLOGY c1221824d1221824 001040708CaPKSbPKSc2d2026-04-07eBharati Madhyavarti Sahakari Grahak Bhandar, Pune (Best Book Supplier, Kolhapur)g995.00l0o596.146/PANpPKS-25196r2026-05-20 00:00:00w2026-05-20yBKzGeneral book section